El principito
Guardado en:
| Autor principal: | |
|---|---|
| Formato: | Libro |
| Lenguaje: | español |
| Publicado: |
Santiago
Zig-Zag
1985
|
| Colección: | Grandes clásicos escolares Zig-Zag
|
| Materias: | |
| Etiquetas: |
Agregar Etiqueta
Sin Etiquetas, Sea el primero en etiquetar este registro!
|
MARC
| LEADER | 00000nam a2200000 a 4500 | ||
|---|---|---|---|
| 001 | UCH5428 | ||
| 003 | CL-VaPUC | ||
| 008 | 091014e19850000CL |||||||||||||||||spa|d | ||
| 082 | 0 | 4 | |a 843 |b SAI |2 21 |
| 100 | 0 | |a Saint-Exupery, Antoine de |e author |9 315926 | |
| 245 | 1 | 3 | |a El principito |
| 300 | |a 106 p | ||
| 942 | |c BK | ||
| 945 | |d 20091014 00:00:00 |a lazolas | ||
| 260 | |a Santiago |b Zig-Zag |c 1985 | ||
| 650 | 0 | |a Novela francesa |9 264985 | |
| 583 | |a last modification |c 20091014 00:00:00 |k Rodrigo Vera | ||
| 490 | 0 | |a Grandes clásicos escolares Zig-Zag | |
| 999 | |c 336568 |d 336566 | ||